| 000 | 00765nam a22002177a 4500 | ||
|---|---|---|---|
| 005 | 20240530110609.0 | ||
| 008 | 160608s2014 ua g 000 j ara d | ||
| 017 |
_a2013/16770 _bمصر . دار الكتب المصرية |
||
| 020 | _a9789774278488 | ||
| 040 | _aEG-CaGPL | ||
| 082 | 0 | 4 |
_221 _a818.03\ _bم ك |
| 100 | 0 | _aمكاوى سعيد . | |
| 245 | 1 | 0 |
_aكراسة التحرير : _bحكايات و امكنة / _cمكاوى سعيد . |
| 250 | _aط1. | ||
| 260 |
_aالقاهرة : _bالدار المصرية اللبنانية ، _c2014 . |
||
| 300 |
_a213 ص ؛ _c20 سم . |
||
| 650 | 0 | 4 | _aالقصص العربية القصيرة . |
| 650 | 0 | 4 | _aالقصص الواقعية . |
| 942 |
_2ddc _cBK |
||
| 999 |
_c62815 _d62815 |
||